000
00359nam a2200157Ia 4500
008
220923s9999 xx 000 0 und d
020
_a
9789350289938
082
_b
SAR
100
_a
SARATHI, VEPA P.
245
0
_a
INTERPRETATION OF STATUTES
250
_a
5TH
260
_c
2013
300
_a
568
650
_a
Interpretation of Statutes
942
_c
BK
999
_c
195843
_d
195843